| 000 | 00383cam a22001097a 4500 | ||
|---|---|---|---|
| 008 | 180718b2003 xxu||||| |||| 00| 0 eng d | ||
| 100 | _aMilanovic, Branko | ||
| 245 |
_aIncome convergence during the disintegration of the world economy, 1919-39 _cby Branko Milanovic |
||
| 260 |
_aWashington, D.C. _bWorld Bank _c2003 |
||
| 300 | _a35p. | ||
| 440 | _aPolicy research working paper; no. 2941 | ||
| 999 |
_c289028 _d289028 |
||